[Event "London Chess Classic: Blitz A"]
[Site "London"]
[Date "2019.12.08"]
[Round "10"]
[White "Bergner, Matthias"]
[Black "Van Hoof, Alexander"]
[Result "0-1"]
[WhiteElo "1593"]
[BlackElo "1968"]
[PlyCount "46"]
[EventDate "2019.12.08"]
[EventType "swiss (blitz)"]
[EventRounds "11"]
[EventCountry "ENG"]
[SourceTitle "EXT 2021"]
[Source "ChessBase"]
[SourceDate "2020.10.23"]
[SourceVersion "1"]
[SourceVersionDate "2020.10.23"]
[SourceQuality "1"]

1. d4 Nf6 2. c4 c5 3. dxc5 e6 4. Nf3 Bxc5 5. e3 d5 6. Be2 Nc6 7. 0-0 0-0 8. b3 d4 9. exd4 Nxd4 10. Bb2 Nxe2+ 11. Qxe2 Bd7 12. Rd1 Qe7 13. Nc3 Bc6 14. Rd2 Rad8 15. Rad1 Rxd2 16. Rxd2 Rd8 17. Rxd8+ Qxd8 18. Qd1 Qc7 19. Ne1 h6 20. a3 Qf4 21. Qe2 Ng4 22. Nd3 Qxh2+ 23. Kf1 Qh1# 0-1

[Event "London Chess Classic: Blitz A"]
[Site "London"]
[Date "2019.12.08"]
[Round "7"]
[White "Bird, Joel"]
[Black "Van Hoof, Alexander"]
[Result "1-0"]
[WhiteElo "1954"]
[BlackElo "1968"]
[PlyCount "53"]
[EventDate "2019.12.08"]
[EventType "swiss (blitz)"]
[EventRounds "11"]
[EventCountry "ENG"]
[SourceTitle "EXT 2021"]
[Source "ChessBase"]
[SourceDate "2020.10.23"]
[SourceVersion "1"]
[SourceVersionDate "2020.10.23"]
[SourceQuality "1"]

1. e4 c6 2. d4 d5 3. Nc3 dxe4 4. Nxe4 Nf6 5. Nxf6+ exf6 6. c3 Be7 7. Bd3 Be6 8. Bf4 Nd7 9. Qd2 Nb6 10. Ne2 Nd5 11. Bg3 h5 12. Nf4 Nxf4 13. Bxf4 g5 14. Be3 f5 15. f4 g4 16. 0-0 h4 17. Rfe1 Qc7 18. Qc2 Qd7 19. a4 Rc8 20. Rad1 Kf8 21. Kh1 h3 22. g3 Qd5+ 23. Kg1 c5 24. c4 cxd4 25. cxd5 Rxc2 26. Bxc2 dxe3 27. dxe6 1-0

[Event "London Chess Classic: Blitz A"]
[Site "London"]
[Date "2019.12.08"]
[Round "2"]
[White "Van Hoof, Alexander"]
[Black "Adams, Michael"]
[Result "0-1"]
[WhiteElo "1968"]
[BlackElo "2775"]
[PlyCount "98"]
[EventDate "2019.12.08"]
[EventType "swiss (blitz)"]
[EventRounds "11"]
[EventCountry "ENG"]
[SourceTitle "EXT 2021"]
[Source "ChessBase"]
[SourceDate "2020.10.23"]
[SourceVersion "1"]
[SourceVersionDate "2020.10.23"]
[SourceQuality "1"]

1. d4 Nf6 2. Nf3 d5 3. Bf4 e6 4. e3 Bd6 5. Bg3 c5 6. c3 0-0 7. Be2 Qc7 8. Nbd2 Nbd7 9. Rc1 e5 10. dxe5 Nxe5 11. Nxe5 Bxe5 12. Nf3 Bxg3 13. hxg3 h6 14. Qc2 Re8 15. Kf1 Ne4 16. Bd3 Bf5 17. Nh4 Bh7 18. Kg1 c4 19. Bxe4 dxe4 20. g4 Rad8 21. Nf5 Bxf5 22. gxf5 Qe5 23. Rh5 Rd3 24. Rd1 Red8 25. Rxd3 cxd3 26. Qd1 b5 27. Qd2 Qd5 28. b3 Qe5 29. c4 bxc4 30. bxc4 Rb8 31. g3 Rb2 32. Qd1 Rxa2 33. Qb3 Qb2 34. Qxb2 Rxb2 35. f6 Rb1+ 36. Kg2 d2 37. Rd5 d1Q 38. Rxd1 Rxd1 39. fxg7 a5 40. Kh3 a4 41. c5 a3 42. c6 a2 43. c7 Rc1 44. Kh4 Rxc7 45. g4 a1Q 46. g5 Qh1+ 47. Kg3 Qf3+ 48. Kh2 Rc1 49. gxh6 Rh1# 0-1